000
00266nam a2200109Ia 4500
008
220204s9999 xx 000 0 und d
082
_a
678.5
_b
MIL
100
_a
Milby, Robert V
245
0
_a
Plastics technology
260
_a
New York
_b
McGraw Hill
_c
1973
942
_c
BK
999
_c
23809
_d
23809